[Event "Historical Melaka Op"]
[Site "Melaka MAS"]
[Date "2012.04.23"]
[Round "1"]
[White "Fong Yit San"]
[Black "Dimakiling,O"]
[Result "0-1"]
[WhiteElo "2002"]
[BlackElo "2447"]

1.e4 c5 2.Nf3 Nc6 3.d4 cxd4 4.Nxd4 Qb6 5.Nb3 Nf6 6.Nc3 e6 7.Be3 Qc7 8.Bd3 a6
9.O-O b5 10.a4 b4 11.Na2 d5 12.exd5 Nxd5 13.Bd2 Bd6 14.h3 O-O 15.c3 a5 16.Nac1 Ne5
17.Nd4 Nxd3 18.Nxd3 Ba6 19.Nb5 Bxb5 20.axb5 Qc4 21.Nc1 Qxb5 22.Qe2 Qxe2 23.Nxe2 b3
24.c4 Nb4 25.Bxb4 Bxb4 26.Ra4 Rfd8 27.Nc1 Rd2 28.Nxb3 Rxb2 29.Nd4 Rc8 30.Rd1 g6
31.Rc1 e5 32.Nb5 e4 33.Raa1 Bc5 34.Rf1 e3 35.Rxa5 exf2+ 36.Kh1 Bb4 37.Ra4 Rxc4
38.Nd6 Rd4 39.Ne8 h5 40.Nc7 Re4 41.g3 Re1 42.Kg2 Bc5 43.Ra1 Rbe2  0-1

[Event "Historical Melaka Op"]
[Site "Melaka MAS"]
[Date "2012.04.26"]
[Round "6"]
[White "Mas,H"]
[Black "Hamdani,R"]
[Result "1/2-1/2"]
[WhiteElo "2377"]
[BlackElo "2322"]

1.e4 c5 2.Nf3 Nc6 3.d4 cxd4 4.Nxd4 Qc7 5.Be3 Nf6 6.Nc3 e6 7.Be2 a6 8.O-O Be7
9.f4 d6 10.Kh1 O-O 11.Qe1 Bd7 12.Qg3 Rac8 13.Rae1 Kh8 14.a3 e5 15.fxe5 dxe5
16.Nxc6 Bxc6 17.Bd3 Bd7 18.Qf3 Bg4 19.Qf2 Be6 20.h3 Bc5  1/2-1/2

[Event "Historical Melaka Op"]
[Site "Melaka MAS"]
[Date "2012.04.27"]
[Round "7"]
[White "Horvath,Ad1"]
[Black "Fominyh,A"]
[Result "0-1"]
[WhiteElo "2487"]
[BlackElo "2488"]

1.e4 c5 2.Nf3 Nc6 3.d4 cxd4 4.Nxd4 Qb6 5.Nb3 Nf6 6.Nc3 e6 7.Bd3 Be7 8.f4 d5
9.Qf3 d4 10.Ne2 e5 11.h3 Be6 12.Nd2 Nb4 13.f5 Bd7 14.a3 Nxd3+ 15.cxd3 Qc7
16.Nc4 b5 17.Nxe5 Qxe5 18.Bf4 Qc5 19.Rc1 Qb6 20.Bc7 Qb7 21.Be5 Bc6 22.Nxd4 Rc8
23.g4 O-O 24.O-O Nd7 25.Bf4 Bc5 26.Be3 Ne5 27.Qe2 Bb6 28.Nb3 Rfd8 29.Rcd1 Bxe4
30.Bxb6 Qxb6+ 31.d4 Bc2 32.Qxe5 Bxb3  0-1

[Event "Norsk Sjakkfestival"]
[Site "Fagernes NOR"]
[Date "2012.05.05"]
[Round "9"]
[White "Johansen,St"]
[Black "Mashinskaya,I"]
[Result "0-1"]
[WhiteElo "1961"]
[BlackElo "2293"]

1.e4 c5 2.Nf3 Nc6 3.d4 cxd4 4.Nxd4 Qc7 5.Nc3 e6 6.Be2 a6 7.a4 Nf6 8.Be3 Bb4
9.Bf3 Ne5 10.O-O Nc4 11.Bc1 d6 12.Qe2 O-O 13.Na2 Ba5 14.b3 Ne5 15.Bb2 Nxf3+
16.Nxf3 e5 17.b4 Bb6 18.c4 Bg4 19.Rac1 Bxf3 20.Qxf3 Qe7 21.Nc3 Bd4 22.Rc2 Rfc8
23.Rfc1 Qd7 24.Nd5 Nxd5 25.exd5 Bxb2 26.Rxb2 Qxa4 27.Qd3 b6 28.h4 h6 29.Qe3 Rab8
30.f3 Qd7 31.Ra2 Qb7 32.g4 Ra8 33.h5 f6 34.Ra4 b5 35.cxb5 Qxb5 36.Ra5 Qxb4
37.Rxa6 Rxc1+ 38.Qxc1 Qd4+  0-1

[Event "42nd Bosna Open B"]
[Site "Sarajevo BIH"]
[Date "2012.05.10"]
[Round "8.2"]
[White "Veleski,R"]
[Black "Mrndjic,M"]
[Result "1/2-1/2"]
[WhiteElo "2262"]
[BlackElo "2232"]

1.e4 c5 2.Nf3 Nc6 3.d4 cxd4 4.Nxd4 Qb6 5.Nxc6 bxc6 6.Bd3 Nf6 7.O-O d6 8.e5 dxe5
9.Be3 Qb8 10.Nd2 g6 11.f4 Nd5 12.Bc5 e6 13.Bxf8 Kxf8 14.fxe5 Qxe5 15.Nc4 Qc7
16.Be4 Ba6 17.Qd4 Kg8 18.Bxd5 cxd5 19.Ne5 Bxf1 20.Rxf1 f5 21.Kh1 Qxc2 22.Ng4 h5
23.Qf6 hxg4 24.Qxg6+ Kf8 25.Qf6+ Kg8 26.Qg6+ Kf8 27.Qf6+ Kg8 28.Qg6+  1/2-1/2

[Event "30th Liechtenstein Open 2012"]
[Site "Triesen LIE"]
[Date "2012.05.12"]
[Round "2.18"]
[White "Matocha,P"]
[Black "Kelecevic,N"]
[Result "0-1"]
[WhiteElo "2016"]
[BlackElo "2260"]

1.e4 c5 2.Nf3 Nc6 3.d4 cxd4 4.Nxd4 Qc7 5.Nb5 Qb8 6.g3 a6 7.Nd4 Qe5 8.Nf3 Qc7
9.Bg2 Nf6 10.Nc3 e6 11.O-O d6 12.Re1 Be7 13.Nd4 O-O 14.Be3 Bd7 15.f4 Rac8
16.Nb3 b5 17.Bf2 b4 18.Nd5 exd5 19.exd5 Bg4 20.Qd3 Nb8 21.h3 Bh5 22.g4 Nxg4
23.hxg4 Bxg4 24.Qg3 h5 25.Bd4 Qd8 26.Rxe7 Qxe7 27.Re1 Qd7 28.Qh4 Rfe8 29.Rxe8+ Rxe8
30.Qg5 f6 31.Bxf6 Qf7 32.Bd4 Nd7 33.Bf1 Nf6 34.Bd3 Ne4 35.Bxe4 Rxe4 36.Qd8+ Kh7
37.Qxd6 Rxf4 38.Qxa6 Qxd5 39.Qa7 Bd7 40.Qc5 Qf3  0-1

[Event "ch-Catalunya 2012"]
[Site "Barcelona ESP"]
[Date "2012.05.14"]
[Round "2.1"]
[White "Alsina Leal,D"]
[Black "Asis Gargatagli,H"]
[Result "1/2-1/2"]
[WhiteElo "2540"]
[BlackElo "2473"]

1.e4 c5 2.Nf3 Nc6 3.d4 cxd4 4.Nxd4 Qb6 5.Nb3 Nf6 6.Nc3 e6 7.a3 Qc7 8.f4 d6
9.Qf3 a6 10.Bd3 Be7 11.O-O O-O 12.Bd2 b5 13.Kh1 Bb7 14.Qh3 Rfd8 15.Rae1 b4
16.axb4 Nxb4 17.Nb5 axb5 18.Bxb4 d5 19.Bxe7 Qxe7 20.e5 Ne4 21.f5 exf5 22.Qxf5 g6
23.Qf4 Ra4 24.Bxe4 dxe4 25.Nc5 Rc4 26.Nxb7 Qxb7 27.Re2 Rdc8 28.Rff2 Re8 29.h3 Qc7  1/2-1/2

[Event "30th Liechtenstein Open 2012"]
[Site "Triesen LIE"]
[Date "2012.05.16"]
[Round "6.16"]
[White "Bahl,Felix"]
[Black "Kelecevic,N"]
[Result "1/2-1/2"]
[WhiteElo "1891"]
[BlackElo "2260"]

1.e4 c5 2.Nf3 Nc6 3.d4 cxd4 4.Nxd4 Qc7 5.Nc3 e6 6.Ndb5 Qb8 7.Be3 Nf6 8.Bd3 Be7
9.O-O d6 10.f4 O-O 11.Qe1 Ng4 12.Bd2 a6 13.Qg3 Nf6 14.Na3 b5 15.Ne2 Kh8 16.Qh3 e5
17.f5 d5 18.exd5 Nb4 19.Bxb4 Bxb4 20.Ng3 Qb6+ 21.Kh1 Bb7 22.c4 Bxa3 23.bxa3 bxc4
24.Bxc4 Qd4 25.Bb3 Rad8 26.Rad1 Qc5 27.Nh5 Nxd5 28.Qg3 Rg8  1/2-1/2

[Event "ch-UZB Major 2012"]
[Site "Tashkent UZB"]
[Date "2012.05.18"]
[Round "2"]
[White "Dzhumaev,M"]
[Black "Kvon,A"]
[Result "0-1"]
[WhiteElo "2495"]
[BlackElo "2499"]

1.e4 c5 2.Nf3 Nc6 3.d4 cxd4 4.Nxd4 Qb6 5.Nb3 Nf6 6.Nc3 e6 7.Be3 Qc7 8.f4 d6
9.Be2 Be7 10.O-O O-O 11.Bf3 a6 12.a4 b6 13.g4 Nd7 14.g5 Na5 15.Bg2 Nc4 16.Bc1 Bb7
17.Kh1 g6 18.Nd4 e5 19.Nde2 exf4 20.Nxf4 Bxg5 21.Nxg6 fxg6 22.Bxg5 Nxb2 23.Qg4 Rae8
24.Nd5 Bxd5 25.exd5 Nc4 26.Rxf8+ Nxf8 27.Rf1 Ne5 28.Qe2 Nfd7 29.Bh6 Nc5 30.Qf2 Qe7
31.Qd4 Qd7 32.Rf4 b5 33.a5 Qc7 34.h4 Qxa5 35.Kh2 Qc7 36.h5 Qe7 37.Bh3 gxh5
38.Rf2 Ng6 39.Rf6 Qe2+ 40.Bg2 Ne5 41.Kg3 Qg4+ 42.Qxg4+ Nxg4 43.Rxd6 Ne4+
44.Bxe4 Rxe4 45.Bf4 Rd4 46.Rd8+ Kf7 47.d6 Nf6 48.Be5 Rd5 49.Bf4 Ke6 50.Kf3 Rc5
51.Ke2 Rxc2+ 52.Kd3 Rc4 53.Bh2 Ra4  0-1

[Event "21st CRO-Cup"]
[Site "Sibenik CRO"]
[Date "2012.05.19"]
[Round "5.74"]
[White "Dobrovic,A"]
[Black "Katavic,B"]
[Result "0-1"]
[WhiteElo "2091"]
[BlackElo "2185"]

1.e4 c5 2.Nf3 Nc6 3.d4 cxd4 4.Nxd4 Qc7 5.Nxc6 bxc6 6.Bd3 Nf6 7.O-O g6 8.Nc3 Bg7
9.Bg5 O-O 10.Rb1 d6 11.h3 h6 12.Be3 e5 13.Qd2 Kh7 14.f4 exf4 15.Rxf4 Nd7
16.Rh4 h5 17.e5 Nxe5 18.Rxh5+ Kg8 19.Rh4 d5 20.Bh6 Nf3+ 21.gxf3 Qg3+ 22.Qg2 Qxh4
23.Bxg7 Kxg7 24.Kh2 Rh8 25.Qg3 Qxg3+ 26.Kxg3 Rxh3+ 27.Kf4 Be6 28.Ne2 c5 29.c3 Rah8
30.Rg1 Kf6 31.b4 g5+ 32.Ke3 g4 33.bxc5 Rxf3+ 34.Kd2 Rh2  0-1

[Event "TCh-HUN 2011-12"]
[Site "Budapest HUN"]
[Date "2012.05.20"]
[Round "11"]
[White "Medvegy,N"]
[Black "Petenyi,T"]
[Result "1/2-1/2"]
[WhiteElo "2333"]
[BlackElo "2347"]

1.e4 c5 2.Nf3 Nc6 3.d4 cxd4 4.Nxd4 Qb6 5.Nb3 Nf6 6.Nc3 e6 7.Qe2 Bb4 8.Bd2 O-O
9.a3 Be7 10.O-O-O a6 11.Bf4 Na5 12.Nxa5 Qxa5 13.Qd3 Ne8 14.h4 b5 15.Na2 f5
16.Bg5 Qd8 17.Bxe7 Qxe7 18.e5 Ra7 19.Be2 Qc5 20.Qd4 Rc7 21.Qxc5 Rxc5 22.f4 Rc7
23.Bf3 d6 24.exd6 Rd7 25.Nb4 Nxd6 26.b3 a5 27.Nc6 a4 28.Ne5 Rdd8 29.Nc6 Rd7
30.bxa4 bxa4 31.Ne5 Rdd8 32.Rd4 Ne4 33.Rxd8 Rxd8 34.Bxe4 fxe4 35.Rd1 Rf8
36.g3 Bb7 37.Rd7 Bd5 38.Kd2 Rc8 39.h5 h6 40.Ng6 Kh7 41.g4 Ba2 42.Ne7 e3+
43.Kxe3 Rxc2 44.Rd8 Rc3+ 45.Kd2 Rc5 46.Ra8 Bb1 47.Rb8 Rc7 48.Rxb1 Rxe7 49.Rb4 Ra7
50.Re4 Ra6 51.Rb4 Ra7 52.Ke3 g6 53.hxg6+ Kxg6 54.Rb6 Kf7 55.Ke4 Ra5 56.Rc6 Ra7
57.Rc5 Kf6 58.Rh5 Kg6 59.Rb5 Rc7 60.Ra5 Rc1 61.Rxa4 Kf6 62.Ra6 Re1+ 63.Kf3 Rf1+
64.Ke3 Rg1 65.Kf3 Rf1+ 66.Kg3 Rg1+ 67.Kh3 Kf7 68.Ra5 Kf6 69.Rh5 Kg6 70.Re5 Kf6
71.Re2 Ra1 72.Re3 Ra2 73.Kh4 Ra1 74.Kg3 Rg1+ 75.Kh4 Ra1 76.Rh3 Kg6 77.Rb3 Kf6
78.Kg3 Rg1+ 79.Kf3 Rf1+ 80.Ke4 Rg1 81.Rh3 Kg6 82.f5+ exf5+ 83.gxf5+ Kg5 84.f6 Kxf6
85.Rxh6+ Ke7 86.Kd5 Kd7 87.Rh7+ Kc8 88.a4 Kb8 89.a5 Rg5+ 90.Kc6 Rg6+ 91.Kb5 Rg5+
92.Kb6 Rg6+  1/2-1/2

[Event "ch-UZB Major 2012"]
[Site "Tashkent UZB"]
[Date "2012.05.22"]
[Round "6"]
[White "Nazhmeddinov,S"]
[Black "Kvon,A"]
[Result "1-0"]
[WhiteElo "2246"]
[BlackElo "2499"]

1.e4 c5 2.Nf3 Nc6 3.d4 cxd4 4.Nxd4 Qb6 5.Nb3 Nf6 6.Nc3 e6 7.Be3 Qc7 8.Be2 a6
9.O-O b5 10.a3 Bb7 11.Nc5 Bc8 12.Nd3 d6 13.f4 Bb7 14.Qe1 Na5 15.e5 Nc4 16.Bd4 Nd7
17.Bf3 Bxf3 18.Rxf3 Rd8 19.b3 Nxa3 20.Rxa3 dxe5 21.Rxa6 Qc8 22.Nxb5 Nb8 23.Ra7 Rxd4
24.Nxd4 exd4 25.Qa5 Bd6 26.Qb5+ Qc6 27.Qxc6+ Nxc6 28.Ra8+ Nb8 29.Ne5 O-O
30.Kf1 f6 31.Nc4 Bc5 32.Ke2 Nc6 33.Rxf8+ Kxf8 34.Rf1 Nb4 35.Kd2 Nd5 36.g3 Bb4+
37.Ke2 Bc3 38.Nd2 Ke7 39.Ne4 Bb2 40.Kd3 f5 41.Nc5 Nb4+ 42.Kd2 Bc3+ 43.Kd1 Nd5
44.Ke2 Kd6 45.Na4 Ba5 46.Rd1 e5 47.fxe5+ Kxe5 48.Ra1 g5 49.Nc5 Bc3 50.Nd3+ Ke4
51.Ra8 Ne3 52.Nf2+ Kd5 53.Nd1 Nxc2 54.Nxc3+ dxc3 55.Kd3 Ne1+ 56.Kxc3 Nf3
57.Ra5+ Ke4 58.Ra2 f4 59.b4 Nd4 60.gxf4 gxf4 61.Rd2 Nb5+ 62.Kc4 Na3+ 63.Kc5 f3
64.Rb2 h5 65.h4 Kf4 66.Ra2 Nb1 67.Kd4 Kg3 68.b5 f2 69.Rxf2  1-0

[Event "Spring Wednesday Knighter Masters"]
[Site "Minneapolis USA"]
[Date "2012.05.23"]
[Round "5.1"]
[White "Hoover,N"]
[Black "Dahl,M"]
[Result "0-1"]
[WhiteElo "2123"]
[BlackElo "2116"]

1.e4 c5 2.Nf3 Nc6 3.d4 cxd4 4.Nxd4 Qc7 5.Nc3 e6 6.Be3 a6 7.Bd3 Nf6 8.O-O h5
9.h3 b5 10.Qe2 Ne5 11.f4 Nc4 12.Bxc4 bxc4 13.e5 Ng8 14.Ne4 Bb7 15.Ng5 g6
16.a4 Ne7 17.Bf2 Nd5 18.Bh4 c3 19.Ne4 cxb2 20.Rad1 Bc5 21.c4 b1=Q 22.Rxb1 Bxd4+
23.Kh1 Nc3 24.Rxb7 Qxb7 25.Nf6+ Kf8 26.Qd3 Qa7 27.c5 Bxc5 28.Qxc3 Be7 29.Rd1 Kg7
30.Rxd7 Qxd7 31.Nxd7 Bxh4 32.Nb6 Rad8 33.g3 Rd1+ 34.Kg2 Rhd8 35.Qc4 R1d2+
36.Kf3 R2d3+ 37.Ke2 Rxg3 38.Qxa6 Rg1 39.Qc4 Re1+ 40.Kf3 Rd2 41.Qc5 Rd3+ 42.Kg2 Re2+
43.Kf1 Rb2  0-1

[Event "4th Limpedea Cup"]
[Site "Baia Sprie ROU"]
[Date "2012.05.26"]
[Round "8.6"]
[White "Szabo,Krisz1"]
[Black "Chirila,I"]
[Result "1/2-1/2"]
[WhiteElo "2540"]
[BlackElo "2521"]

1.e4 c5 2.Nf3 Nc6 3.d4 cxd4 4.Nxd4 Qb6 5.Nb3 Nf6 6.Nc3 e6 7.Qe2 Bb4 8.Bd2 O-O
9.a3 Be7 10.e5 Nd5 11.Nxd5 exd5 12.O-O-O d6 13.exd6 Bxd6 14.Be3 Qc7 15.Kb1 Be6
16.Nd4 a6 17.f3 Ne5 18.Nxe6 fxe6 19.Bd4 Rfe8 20.Qe3 b5 21.g3 Rac8 22.Bd3 Nc4
23.Bxc4 Qxc4 24.Qd3 Qc6 25.f4 a5 26.Rhe1 b4 27.axb4 Bxb4 28.c3 Bf8 29.f5 exf5
30.Qxf5 a4 31.Rxe8  1/2-1/2

[Event "1st Euro 2012 Open"]
[Site "Lviv UKR"]
[Date "2012.06.01"]
[Round "7"]
[White "Podolsky,A"]
[Black "Matviyishen,Viktor"]
[Result "1-0"]
[WhiteElo "2285"]
[BlackElo "1848"]

1.e4 c5 2.Nf3 Nc6 3.d4 cxd4 4.Nxd4 Qc7 5.c4 e6 6.Nc3 Bc5 7.Nxc6 dxc6 8.Qg4 Bd4
9.Be2 Nf6 10.Qh4 Bd7 11.O-O O-O-O 12.Bf4 e5 13.Bg5 Rhg8 14.Rac1 Kb8 15.b4 Be6
16.Nd5 cxd5 17.cxd5 Qb6 18.dxe6 fxe6 19.Rc4 Rdf8 20.Kh1 a6 21.a4 h6 22.Bxf6 Rxf6
23.a5 Qd6 24.f3 g5 25.Qe1 h5 26.b5 axb5 27.Rb4 g4 28.Rxb5 gxf3 29.Bxf3 Qa6
30.Qb4 h4 31.Rb1 Rf7 32.h3 Qc6 33.Qa3 Rg3 34.R5b3 Qa6 35.Rb6 Qc4 36.Qd6+ Ka7
37.a6 Qc8 38.axb7  1-0

[Event "1st CT Casino Marina del Sol"]
[Site "Talcahuano CHI"]
[Date "2012.06.03"]
[Round "3.5"]
[White "Riffo Paz,E"]
[Black "Rojas Sepulveda,E"]
[Result "0-1"]
[WhiteElo "2238"]
[BlackElo "2315"]

1.e4 c5 2.Nf3 Nc6 3.d4 cxd4 4.Nxd4 Qb6 5.Nb3 Nf6 6.Nc3 e6 7.Be3 Qc7 8.a3 a6
9.f4 d6 10.Be2 b5 11.Bf3 Bb7 12.O-O Be7 13.Qd2 O-O 14.Qf2 Rac8 15.Bb6 Qb8
16.Rae1 b4 17.axb4 Nxb4 18.Ba7 Qa8 19.Bd4 Nd7 20.Bxg7 Kxg7 21.Qd4+ Kg8 22.Qxb4 Qa7+
23.Kh1 Qb6 24.Qxb6 Nxb6 25.e5 Bxf3 26.Rxf3 dxe5 27.fxe5 Nc4 28.Ra1 Nxb2 29.Rxa6 Nc4
30.Ra7 Rfe8 31.Ne4 Nxe5 32.Nf6+ Bxf6 33.Rxf6 Rxc2  0-1

[Event "4th Rheinland-Pfalz Open 2012"]
[Site "Altenkirchen GER"]
[Date "2012.06.08"]
[Round "4.7"]
[White "Dgebuadze,A"]
[Black "Rotstein,J"]
[Result "1-0"]
[WhiteElo "2558"]
[BlackElo "2359"]

1.e4 c5 2.Nf3 Nc6 3.d4 cxd4 4.Nxd4 Qb6 5.Nb3 e6 6.g3 Nf6 7.Bg2 d5 8.exd5 Nxd5
9.O-O Be7 10.c4 Nf6 11.Nc3 O-O 12.Nb5 a6 13.Be3 Qd8 14.Qxd8 Rxd8 15.Nc7 Rb8
16.Nxa6 bxa6 17.Bxc6 Ng4 18.Ba7 Rb4 19.c5 Ne5 20.Bg2 Nc4 21.c6 Nxb2 22.Bc5 Bxc5
23.Nxc5 Kf8 24.Rab1 Ke7 25.c7 Rd6 26.Rfc1 a5 27.Bb7 Rxb7 28.Nxb7 Bxb7 29.Rxb2 Bc8
30.f4 Kd7 31.Rbc2 f6 32.Kf2 a4 33.Ke3 e5 34.fxe5 fxe5 35.Rd2 Rxd2 36.Kxd2 Kd6
37.h4 g6 38.Ke3 Kd5 39.a3 h5 40.Rc3 Kd6 41.Rc4  1-0

[Event "11th TCh-BIH Premier"]
[Site "Jahorina BIH"]
[Date "2012.06.10"]
[Round "9.2"]
[White "Pikula,D"]
[Black "Predojevic,B"]
[Result "1/2-1/2"]
[WhiteElo "2507"]
[BlackElo "2637"]

1.e4 c5 2.Nf3 Nc6 3.d4 cxd4 4.Nxd4 Qb6 5.Nb3 Nf6 6.Nc3 e6 7.Bd3 a6 8.O-O Qc7
9.f4 d6 10.Qf3 Be7 11.Bd2 b5 12.Kh1 b4 13.Ne2 O-O 14.c3 a5 15.Rae1  1/2-1/2

[Event "ch-FIN 2012"]
[Site "Helsinki FIN"]
[Date "2012.06.11"]
[Round "1"]
[White "Agopov,M"]
[Black "Pudas,T"]
[Result "1/2-1/2"]
[WhiteElo "2452"]
[BlackElo "2313"]

1.e4 c5 2.Nf3 Nc6 3.d4 cxd4 4.Nxd4 Qb6 5.Nb3 Nf6 6.Nc3 e6 7.Qe2 Bb4 8.Bd2 O-O
9.a3 Be7 10.O-O-O Qc7 11.f4 d5 12.e5 Nd7 13.Qh5 a6 14.Bd3 g6 15.Qh6 Rd8 16.h4 Bf8
17.Qg5 h5 18.Bxg6 fxg6 19.Qxg6+ Kh8 20.Qxh5+ Kg7 21.Rh3 Kg8 22.Qg6+ Bg7 23.Qxe6+ Kh8
24.Nxd5 Qb8 25.Qf7 Ndxe5 26.fxe5 Bg4 27.Re3 Rd7 28.Qg6 Nxe5 29.Rxe5 Qxe5
30.Bc3 Qh5 31.Qxh5+ Bxh5 32.Nc5 Bxc3 33.Nxd7 Bxb2+ 34.Kxb2 Bxd1 35.N7f6 Rc8
36.Ne3 Rc6 37.Nfd5 Be2 38.Nf4 Bb5 39.g4 Rc5 40.g5 Be8 41.Nfd5 Bf7 42.Nf6 Be6
43.c3 Re5 44.Nc2 Kg7 45.Nd4 Kg6 46.Kc2 Bc4 47.Kd2 Ra5 48.Nf3 Kg7 49.h5 Rf5
50.Ke3 Bd5 51.h6+ Kh8 52.Nh4 Rxg5 53.Kf4 Rg1 54.Nxd5 Kh7 55.Nf5 Kg6 56.Nde7+ Kf6
57.Ng3 Rg2 58.Nef5 Rh2 59.Ne3 Rf2+ 60.Kg4 Kg6 61.Nef5 Ra2 62.Nh5 Rxa3 63.Nf4+ Kh7
64.Nd5 Ra1 65.Nf6+ Kg6 66.h7 Rg1+ 67.Ng3 Kg7 68.Kf4 a5 69.Nf5+ Kh8 70.Nd6 Rg7
71.Ke4 a4 72.Nb5 Rg5 73.Na3 Rg3 74.Kd4 Rh3 75.Kc4 Kg7 76.Ne8+ Kxh7 77.Nd6 Kg6
78.Nxb7 Kf6 79.Nc5 Ke5 80.Kb4 Kd5 81.Nxa4 Rxc3 82.Nxc3+  1/2-1/2

[Event "26th Pula Open"]
[Site "Pula CRO"]
[Date "2012.06.11"]
[Round "3.13"]
[White "Aguera Naredo,J"]
[Black "Valenti,G"]
[Result "1-0"]
[WhiteElo "2392"]
[BlackElo "2199"]

1.e4 c5 2.Nf3 Nc6 3.d4 cxd4 4.Nxd4 Qb6 5.Nb3 Nf6 6.Nc3 e6 7.Bd3 a6 8.Qe2 d6
9.Be3 Qc7 10.f4 b5 11.a4 b4 12.Nb1 Be7 13.a5 O-O 14.O-O Bb7 15.N1d2 Rfc8
16.Nc4 d5 17.exd5 Nxd5 18.Nb6 Bf6 19.Nxa8 Rxa8 20.Ra2 g6 21.Kh1 Nxe3 22.Qxe3 Ne7
23.Qb6 Qc8 24.Qxb4 Nd5 25.Qc5 Qd7 26.Be4 Rc8 27.Qa7 Qb5 28.Nd2 Ra8 29.Qf2 Nb4
30.c4 Qd7 31.Bxb7 Qxb7 32.Ra3 Qc6 33.Qb6  1-0

[Event "26th Pula Open"]
[Site "Pula CRO"]
[Date "2012.06.12"]
[Round "5.28"]
[White "Gorupec,M"]
[Black "Kelecevic,N"]
[Result "1/2-1/2"]
[WhiteElo "2044"]
[BlackElo "2260"]

1.e4 c5 2.Nf3 Nc6 3.d4 cxd4 4.Nxd4 Qc7 5.Nc3 e6 6.Be2 Nf6 7.O-O a6 8.Be3 Bb4
9.Nxc6 bxc6 10.Bf3 Be7 11.Re1 d6 12.Qd2 O-O 13.Na4 Nd7 14.c4 Ne5 15.Be2 c5
16.f4 Nc6 17.Rad1 Bb7 18.Kh1 Rfd8 19.Nc3 Bf6 20.f5 Nd4 21.Bg5 Qe7 22.Bf4 h6
23.Bg4 e5 24.Be3 Bg5 25.Bxg5 Qxg5 26.Qxg5 hxg5 27.Re3 Kf8 28.Rh3 Ke7 29.Kg1 Rab8
30.Rd2 Bc6 31.Bd1 Rh8 32.Rxh8 Rxh8 33.h3 Rb8 34.Be2 Rb4 35.Bd3 Rb8 36.Be2 Rb4
37.Bd3  1/2-1/2

[Event "Spring Wednesday Knighter Masters"]
[Site "Minneapolis USA"]
[Date "2012.06.13"]
[Round "8.1"]
[White "Drake,J"]
[Black "Dahl,M"]
[Result "1/2-1/2"]
[WhiteElo "2191"]
[BlackElo "2116"]

1.e4 c5 2.Nf3 Nc6 3.d4 cxd4 4.Nxd4 Qc7 5.Nc3 e6 6.g3 a6 7.Bg2 Nf6 8.O-O d6
9.Re1 Nd7 10.Nxc6 bxc6 11.Na4 Rb8 12.c4 c5 13.b3 Be7 14.Bb2 O-O 15.Qd2 Bb7
16.Rad1 Bc6 17.Nc3 Nf6 18.Re3 Qb7 19.Qe2 Rfe8 20.f4 a5 21.Red3 Red8 22.a4 Kf8
23.Re3 Rd7 24.Nb5 d5 25.cxd5 Bxb5 26.axb5 Qxb5 27.Bxf6 Bxf6 28.Qc4 Qxc4  1/2-1/2

[Event "16th Voronezh Master Open"]
[Site "Voronezh RUS"]
[Date "2012.06.13"]
[Round "2.9"]
[White "Antipov,M2"]
[Black "Papin,V"]
[Result "1/2-1/2"]
[WhiteElo "2433"]
[BlackElo "2570"]

1.e4 c5 2.Nf3 Nc6 3.d4 cxd4 4.Nxd4 Qb6 5.Nb3 Nf6 6.Nc3 e6 7.Be3 Qc7 8.Bd3 d6
9.f4 a6 10.a4 b6 11.O-O Be7 12.Qe2 O-O 13.g4 Re8 14.g5 Nd7 15.Rf3 Nb4 16.Qd2 Bb7
17.Nd4 g6 18.Nce2 Nxd3 19.cxd3 Rac8 20.Rc1 Qb8 21.Rxc8 Rxc8 22.Nc3 Bf8 23.Rh3 e5
24.Nde2 b5 25.axb5 axb5 26.Nxb5 d5 27.fxe5 Nxe5 28.Ba7 Qa8 29.Qf4 Bg7 30.Bd4 Qb8
31.Ba7 Qa8 32.Bd4 Qb8 33.Ba7 Qa8 34.Bd4  1/2-1/2

[Event "ch-FIN 2012"]
[Site "Helsinki FIN"]
[Date "2012.06.16"]
[Round "6"]
[White "Maki Uuro,Mi"]
[Black "Pudas,T"]
[Result "1-0"]
[WhiteElo "2332"]
[BlackElo "2313"]

1.e4 c5 2.Nf3 Nc6 3.d4 cxd4 4.Nxd4 Qb6 5.Nb3 Nf6 6.Nc3 e6 7.a3 Qc7 8.Bg5 Be7
9.f4 d6 10.Nb5 Qd8 11.Bxf6 gxf6 12.Qh5 a6 13.N5d4 Nxd4 14.Nxd4 Qb6 15.O-O-O Qc5
16.f5 O-O 17.Rd3 Rd8 18.Qh6  1-0

[Event "Teplice Open 2012"]
[Site "Teplice CZE"]
[Date "2012.06.17"]
[Round "2.11"]
[White "Krcal,M"]
[Black "Ponizil,C"]
[Result "0-1"]
[WhiteElo "2124"]
[BlackElo "2404"]

1.e4 c5 2.Nf3 Nc6 3.d4 cxd4 4.Nxd4 Qb6 5.Nb3 Nf6 6.Nc3 e6 7.Be3 Qc7 8.Bd3 a6
9.O-O d6 10.a4 b6 11.Kh1 Ne5 12.f4 Ned7 13.Qe1 Bb7 14.Qg3 Rc8 15.Rae1 h5
16.e5 dxe5 17.fxe5 Qxe5 18.Bf4 h4 19.Qh3 Qh5 20.Be2 Qg6 21.Nd4 Be7 22.Bf3 Bxf3
23.gxf3 Nh5 24.Be3 Rh7 25.Ne4 Ng3+ 26.hxg3 hxg3 27.Kg2 Rxh3 28.Kxh3 e5 29.Ne2 Rxc2
30.N4xg3 Rxb2  0-1

[Event "5th Karen Asrian Memorial"]
[Site "Jermuk ARM"]
[Date "2012.06.22"]
[Round "7.13"]
[White "Karatorossian,D"]
[Black "Chibukhchian,A"]
[Result "1-0"]
[WhiteElo "2221"]
[BlackElo "2494"]

1.e4 c5 2.Nf3 Nc6 3.d4 cxd4 4.Nxd4 Qc7 5.Nc3 e6 6.Be2 a6 7.O-O Nf6 8.Be3 Bb4
9.Na4 O-O 10.Nxc6 bxc6 11.Nb6 Rb8 12.Nxc8 Rfxc8 13.Bxa6 Rf8 14.Bd3 Bd6 15.h3 Be5
16.c4 d6 17.a4 Bxb2 18.Ra2 Bc3 19.Qc2 Ba5 20.Rb1 h6 21.Rab2 Nd7 22.c5 Rxb2
23.Rxb2 dxc5 24.Bxc5 Nxc5 25.Qxc5 Rd8 26.Bf1 Rd1 27.g3 Re1 28.Qc4 Qe5 29.Re2 Rb1
30.Qxc6 Qa1 31.Qa8+ Kh7 32.Qxa5 Rxf1+ 33.Kg2 Rh1 34.h4 Rg1+ 35.Kf3 Qf6+ 36.Ke3 Ra1
37.Rd2 g5 38.hxg5 hxg5 39.f4 gxf4+ 40.gxf4 Qh4 41.Kd4 Qh1 42.Qb5 Ra3 43.Ke5 Re3
44.Qb4 Rf3 45.Qb2 Rh3 46.Qd4 Rh6 47.Qd3 Qa1+ 48.Qd4 Qa3 49.Qc4 Qg3 50.Rd7 Rh5+
51.Kd6 Qxf4+ 52.Ke7 Kg6 53.Rd8 Qf6+ 54.Kd7 Kg7 55.Qb4 Rg5 56.a5 Rg1 57.Qf8+ Kh7
58.Qd6 Qh6 59.a6 Qg7 60.Qh2+ Qh6 61.Rh8+  1-0

[Event "Perla Baltyku Open 2012"]
[Site "Lazy POL"]
[Date "2012.06.30"]
[Round "1.19"]
[White "Smieszek,W"]
[Black "Korbal,A"]
[Result "0-1"]
[WhiteElo "1809"]
[BlackElo "2127"]

1.e4 c5 2.Nf3 Nc6 3.d4 cxd4 4.Nxd4 Qb6 5.Nb3 Nf6 6.Nc3 e6 7.Be3 Qc7 8.Be2 Bb4
9.Bd2 Bxc3 10.Bxc3 Nxe4 11.Bxg7 Rg8 12.Bf3 Nxf2 13.Kxf2 Rxg7 14.Qd2 Qb6+
15.Qe3 Qxe3+ 16.Kxe3 Ne5 17.Nd2 Nxf3 18.gxf3 b6 19.Rhg1 Rg6 20.Rad1 Ba6 21.Rg4 Rxg4
22.fxg4 Ke7 23.g5 h6 24.Rg1 hxg5 25.Rxg5 Rh8 26.Nf3 Bb7 27.Rg2 Rh3 28.Rf2 Bxf3
29.Rxf3 Rxh2 30.Kd3 f5  0-1

[Event "1st CT Casino Marina del Sol"]
[Site "Talcahuano CHI"]
[Date "2012.07.01"]
[Round "6.2"]
[White "Estay Torreblanca,O"]
[Black "Rojas Sepulveda,E"]
[Result "1-0"]
[WhiteElo "2214"]
[BlackElo "2315"]

1.e4 c5 2.Nf3 Nc6 3.d4 cxd4 4.Nxd4 Qb6 5.Nb3 Nf6 6.Nc3 a6 7.Bd3 d6 8.O-O e6
9.a4 Qc7 10.a5 b5 11.axb6 Qxb6 12.Be3 Qc7 13.Ra4 Be7 14.Qe2 Nb8 15.Rc4 Qd8
16.e5 dxe5 17.Qf3 Nd5 18.Nxd5 exd5 19.Bb6 Qd7 20.Rc7 Qe6 21.Bc5 Nc6 22.c4 e4
23.cxd5 exf3 24.dxe6 Bxc5 25.Be4  1-0

[Event "Perla Baltyku Open 2012"]
[Site "Lazy POL"]
[Date "2012.07.02"]
[Round "3.7"]
[White "Krzyzanowski,M"]
[Black "Korbal,A"]
[Result "1-0"]
[WhiteElo "2377"]
[BlackElo "2127"]

1.e4 c5 2.Nf3 Nc6 3.d4 cxd4 4.Nxd4 Qb6 5.Nb3 Nf6 6.Nc3 e6 7.Be3 Qc7 8.a3 a6
9.f4 d6 10.Bd3 Be7 11.O-O b5 12.Qf3 Bb7 13.Qh3 h5 14.Kh1 Ng4 15.Bg1 Bf6 16.Nd1 Ne7
17.Rc1 Rc8 18.c4 bxc4 19.Rxc4 Qd7 20.Na5 Rxc4 21.Nxc4 Ng6 22.Bc2 Bc6 23.Nde3 d5
24.exd5 exd5 25.Nb6 Qe7 26.Bxg6 Nxe3 27.Qc8+  1-0

[Event "Perla Baltyku Open 2012"]
[Site "Lazy POL"]
[Date "2012.07.02"]
[Round "3.5"]
[White "Eggink,R"]
[Black "Kanarek,M"]
[Result "0-1"]
[WhiteElo "1996"]
[BlackElo "2484"]

1.e4 c5 2.Nf3 Nc6 3.d4 cxd4 4.Nxd4 Qb6 5.Nb3 Nf6 6.Nc3 e6 7.Bd3 Bb4 8.O-O O-O
9.Be3 Qc7 10.Nb5 Qb8 11.f4 Be7 12.e5 Nd5 13.Bc5 Bxc5+ 14.Nxc5 Nxf4 15.Rxf4 Qxe5
16.Rc4 a6 17.Nd6 b5 18.Rc3 b4 19.Rc4 Na5 20.Bxh7+ Kxh7 21.Rh4+ Kg8 22.Rh5 f5
23.Nb3 Nb7 24.Nxc8 Raxc8 25.Qxd7 Nd6 26.Nd2 Rf7  0-1

[Event "7th Vladimir Dvorkovich Cup"]
[Site "Moscow RUS"]
[Date "2012.07.02"]
[Round "4.9"]
[White "Duda,J"]
[Black "Fang,Yan"]
[Result "0-1"]
[WhiteElo "2421"]
[BlackElo "2273"]

1.e4 c5 2.Nf3 Nc6 3.d4 cxd4 4.Nxd4 Qb6 5.Nb3 Nf6 6.Nc3 e6 7.Qe2 Bb4 8.Bd2 O-O
9.a3 Be7 10.O-O-O d6 11.g4 a6 12.h4 Nd7 13.Bg5 Nc5 14.Nxc5 Qxc5 15.Qd2 f6
16.Be3 Qa5 17.g5 b5 18.gxf6 Bxf6 19.Qxd6 b4 20.Nb1 bxa3 21.Qxa3 Rb8 22.c3 Qc7
23.f4 Na5 24.Nd2 Be7 25.Qa2 Kh8 26.Rg1 e5 27.f5 Bd7 28.Rg3 Be8 29.Bg5 Bf7
30.Qa1 Bc5 31.Bd3 h6 32.Be3 Bxe3 33.Rxe3 Rfd8 34.Rg1 Rd6 35.Rgg3 Qc5 36.Qa3 Qb6
37.b4 Nb7 38.Nc4 Bxc4 39.Bxc4 a5 40.Bd5 axb4 41.cxb4 Qb5 42.Re1 Ra6 43.Qc3 Nd6
44.Qxe5 Ne8 45.Qe7 Qxb4 46.Qxb4 Rxb4 47.Reg1 Ra7 48.Kc2 Nf6 49.Rc3 Kh7 50.Rb1 Nxd5
51.exd5 Ra2+ 52.Kc1 Rxh4 53.Rd3 Rh1+ 54.Rd1 Rxd1+ 55.Kxd1 Ra5 56.Ke2 Rxd5
57.Rf1 Re5+ 58.Kd3 Kg8 59.Kd4 Re2 60.Rg1 Kf7 61.Rg6 Re1 62.Ra6 h5 63.Ra2 Kf6
64.Rh2 Kxf5 65.Rxh5+ g5 66.Rh8 Kf4 67.Rf8+ Kg3 68.Kd3 g4 69.Kd2 Re5 70.Rg8 Kf3
71.Rf8+ Kg2 72.Rg8 g3 73.Rg7 Kf2 74.Rf7+ Kg1 75.Rg7 g2 76.Rg8 Rh5 77.Ke2 Kh2
78.Kf2 Rf5+ 79.Ke2 g1=Q 80.Rh8+ Kg2 81.Rg8+ Kh1 82.Rh8+ Qh2+  0-1